How languages are learned /
Αποθηκεύτηκε σε:
| Κύριος συγγραφέας: | |
|---|---|
| Μορφή: | Βιβλίο |
| Γλώσσα: | English |
| Έκδοση: |
Oxford :
Oxford University Press,
1999.
|
| Έκδοση: | 2nd ed. |
| Θέματα: | |
| Ετικέτες: |
Προσθήκη ετικέτας
Δεν υπάρχουν, Καταχωρήστε ετικέτα πρώτοι!
|
| Thư viện lưu trữ: | Mạng thư viện Đại học Đà Nẵng |
|---|
| LEADER | 00917cam a2200349 i 4500 | ||
|---|---|---|---|
| 001 | 000045489 | ||
| 003 | 4670 | ||
| 005 | 20030227161935.0 | ||
| 008 | 010220|1999 vm 000 eng | ||
| 020 | |a 0194370003 (pbk.) | ||
| 040 | |a IRC |c IRC |d IRC | ||
| 041 | 0 | |a eng | |
| 082 | 1 | 4 | |a 401.93 |b LI-P |
| 100 | 1 | |a Lightbown, Patsy M. | |
| 245 | 0 | 0 | |a How languages are learned / |c Patsy M. Lightbown. |
| 250 | |a 2nd ed. | ||
| 260 | |a Oxford : |b Oxford University Press, |c 1999. | ||
| 300 | |a xvi, 192p. : |b ill. | ||
| 630 | 0 | 4 | |a Language. |
| 650 | 0 | 4 | |a Second language acquisition. |
| 650 | 0 | 4 | |a Language acquisition. |
| 650 | 0 | 4 | |a Language and languages |x Study and teaching. |
| OWN | |a DUT | ||
| 999 | |a From the UDN01 | ||
| TYP | |a Monograph | ||
| TYP | |a Printed language | ||
| 980 | |a Mạng thư viện Đại học Đà Nẵng | ||


